00498nam a2200193 a 4500001001300000003000900013005001700022008004100039020001000080082001500090100002500105245003600130260002900166300000900195500003500204505001000239650003000249700002500279nice12345678IN_TiNIC20260116011254.0050524s1911 newa grp 000 0 eng  ac10000a232.5bSIM aSimpson, W J Sparrow aResurrection and Modern Thought aNew YorkbLongman c1911 a462p aincludes index and biblioraphy2 aIndex aJesus Christ-Resurrection1 aSimpson, W J Sparrow